000 01664nas a2200277Ia 4500
001 R300-R7502
003 IT-CnALBA
008 170116c99999999xx |||||||||||| ||und||
040 _aIT-CnALBA
_cIT-CnALBA
041 _aITALIANO
100 _aPADELLARO NAZARENO
210 _aIDEA
222 _aIDEA
245 0 _aIDEA. SETTEMBRE 1953. CULTURA POLITICA E SOCIALE.
250 _a1a ed.
260 _aROMA
_bIDEA SOCIETÀ EDITRICE ROMA'
_c1953 [1° Ed.:1953 - Ed.Ling.Originale: 1953]
300 _a64 p.
310 _aMENSILE
362 _aFascicolo: 9 / Anno: 9 (1953)
500 _aDAL MINISTERO DE GASPERI A PELLA. QUATTROCCHI L. BOCCARA C. LUME G. MUSMARRA A. BARBIERI P. RUFFOLO U. GOVERNO E AMMINISTRAZIONE. CONGRESSO INTERNAZIONALE DI FILOSOFIA A VRUXELLES. NUBI DI TEMPESTA SULL'OCEANO INDIANO. L'INSEGNAMENTO SOCIALE NEI DISCORSI DI PIO XII. AGRICOLTURA MODERNA E MAESTRANZE SPECIALIZZATE. AGOSTO, POLITICA INTERNA E INTERNAZIONALE. RUFFOLO U. COMMENTARIO SOCIALE. RASSEGNE POLITICHE. RECENSIONI. NOTIZIARIO.
501 _aSocietà San Paolo EM - Piazza San Paolo, 14 - 12051 ALBA (CN) (non commercial uses only) ® Copyright 2017
520 _aDAL MINISTERO DE GASPERI A PELLA. QUATTROCCHI L. BOCCARA C. LUME G. MUSMARRA A. BARBIERI P. RUFFOLO U. GOVERNO E AMMINISTRAZIONE. CONGRESSO INTERNAZIONALE DI FILOSOFIA A VRUXELLES. NUBI DI TEMPESTA SULL'OCEANO INDIANO. L'INSEGNAMENTO SOCIALE NEI DISCORSI DI PIO XII. AGRICOLTURA MODERNA E MAESTRANZE SPECIALIZZATE. AGOSTO, POLITICA INTERNA E INTERNAZIONALE. RUFFOLO U. COMMENTARIO SOCIALE. RASSEGNE POLITICHE. RECENSIONI. NOTIZIARIO.
650 _aSOCIOLOGIA
942 _cCR
957 _71
999 _a59069
_bNO
_g1
_c326096
_d326096